<?xml version="1.0" encoding="UTF-8"?>
<record
    xmlns:xsi="http://www.w3.org/2001/XMLSchema-instance"
    xsi:schemaLocation="http://www.loc.gov/MARC21/slim http://www.loc.gov/standards/marcxml/schema/MARC21slim.xsd"
    xmlns="http://www.loc.gov/MARC21/slim">

  <leader>01116nam a2200217Ia 4500</leader>
  <datafield tag="952" ind1=" " ind2=" ">
    <subfield code="0">0</subfield>
    <subfield code="1">0</subfield>
    <subfield code="4">0</subfield>
    <subfield code="7">0</subfield>
    <subfield code="a">07</subfield>
    <subfield code="b">07</subfield>
    <subfield code="d">2009-04-01</subfield>
    <subfield code="l">1</subfield>
    <subfield code="o">HF1379 V39 2007</subfield>
    <subfield code="p">07 000903</subfield>
    <subfield code="r">2014-07-14</subfield>
    <subfield code="s">2014-07-14</subfield>
    <subfield code="t">1</subfield>
    <subfield code="w">2012-06-26</subfield>
    <subfield code="y">LB</subfield>
  </datafield>
  <datafield tag="952" ind1=" " ind2=" ">
    <subfield code="0">0</subfield>
    <subfield code="1">0</subfield>
    <subfield code="2">lcc</subfield>
    <subfield code="4">0</subfield>
    <subfield code="7">0</subfield>
    <subfield code="a">20</subfield>
    <subfield code="b">20</subfield>
    <subfield code="d">2018-06-06</subfield>
    <subfield code="l">1</subfield>
    <subfield code="o">HF1379 V39 2007</subfield>
    <subfield code="p">20 001197</subfield>
    <subfield code="r">2022-08-10</subfield>
    <subfield code="s">2022-08-09</subfield>
    <subfield code="t">1</subfield>
    <subfield code="w">2018-06-06</subfield>
    <subfield code="y">LB</subfield>
  </datafield>
  <datafield tag="999" ind1=" " ind2=" ">
    <subfield code="c">66730</subfield>
    <subfield code="d">66730</subfield>
  </datafield>
  <controlfield tag="008">120626s9999    xx            000 0 und d</controlfield>
  <datafield tag="020" ind1=" " ind2=" ">
    <subfield code="a">9789708170666</subfield>
  </datafield>
  <datafield tag="050" ind1="0" ind2="4">
    <subfield code="a">HF1379</subfield>
    <subfield code="b">V39 2007</subfield>
  </datafield>
  <datafield tag="100" ind1=" " ind2=" ">
    <subfield code="a">V&#xE1;zquez Sandoval Manuel</subfield>
    <subfield code="e">autor</subfield>
  </datafield>
  <datafield tag="245" ind1="1" ind2="0">
    <subfield code="a">Comercio internacional</subfield>
    <subfield code="b"> : texto orientado a las carreras de gesti&#xF3;n empresarial</subfield>
    <subfield code="c"> / Manuel V&#xE1;zquez Sandoval, Ra&#xFA;l Javier Madrigal Preciado</subfield>
  </datafield>
  <datafield tag="260" ind1=" " ind2=" ">
    <subfield code="a">M&#xE9;xico</subfield>
    <subfield code="b"> : Grupo Editorial Patria</subfield>
    <subfield code="c"> , 2007</subfield>
  </datafield>
  <datafield tag="300" ind1=" " ind2=" ">
    <subfield code="a">x ; 142 p&#xE1;ginas</subfield>
    <subfield code="b">ilus.</subfield>
  </datafield>
  <datafield tag="500" ind1=" " ind2=" ">
    <subfield code="a">Incluye:
&#xCD;ndice general
Pr&#xF3;logo
Introducci&#xF3;n</subfield>
  </datafield>
  <datafield tag="504" ind1=" " ind2=" ">
    <subfield code="a">Bibliograf&#xED;a (pp. 139-142)</subfield>
  </datafield>
  <datafield tag="505" ind1=" " ind2=" ">
    <subfield code="a">Fundamentos del comercio internacional
Flujos monetarios relacionados con el comercio internacional
Relaciones comerciales internacionales
Estrategias competitivas en el comercio internacional
Participaci&#xF3;n de las empresas en el comercio internacional</subfield>
  </datafield>
  <datafield tag="519" ind1=" " ind2=" ">
    <subfield code="a">Plan Flexible / </subfield>
    <subfield code="b">Administraci&#xF3;n / </subfield>
    <subfield code="c">Comercio Exterior (P21) / </subfield>
    <subfield code="d">(20 001197)</subfield>
  </datafield>
  <datafield tag="650" ind1=" " ind2="0">
    <subfield code="a">MERCADO GLOBAL</subfield>
  </datafield>
  <datafield tag="650" ind1=" " ind2="0">
    <subfield code="a">RELACIONES COMERCIALES</subfield>
    <subfield code="x">&#xC1;MBITO INTERNACIONAL</subfield>
  </datafield>
  <datafield tag="700" ind1=" " ind2=" ">
    <subfield code="a">Madrigal Preciado, Ra&#xFA;l Javier</subfield>
    <subfield code="e">autor</subfield>
  </datafield>
  <datafield tag="942" ind1=" " ind2=" ">
    <subfield code="c">LB</subfield>
  </datafield>
</record>
